000 00490nam a2200181Ia 4500
005 20250508154600.0
008 008 250505s9999 xx 000 0 eng d
037 _aTextual
040 _aFEDL
_beng
_cFEDL
041 _aeng
_2eng
084 _a370.1, CON
_qFEDL
100 _aConnell W.F.
_9765678
245 0 _aFoundations of education
260 _aLondon, UK
_bThe Cresset Press
_c1962
300 _ax,308p.
942 _cTEXL
_h370.1, CON
999 _c1351012
_d1351012